000 00232nam a2200097Ia 4500
008 220204s9999 xx 000 0 und d
082 _a82-34
_bFAI
100 _aLum, Peter
245 0 _aFairy tales from the Barbary Coast
942 _cBK
999 _c31114
_d31114